000 00200 a2200109 4500
020 _a9788434211933
041 _aspa
100 _aM. Brigt
245 _aLa Capa de Ozono
942 _cBK
952 _74
999 _c16899
_d16899